000 00625nam a2200265Ia 4500
005 20260324152813.0
008 008 260324s9999 xx 000 0 eng d
020 _a9781782423751
037 _aEBOOK
040 _aCRL
040 _beng
040 _cCRL
041 _2eng
041 _aeng
084 _qCRL
100 _aScott, Keith
_91229797
245 0 _aMicrobial Electrochemical and Fuel Cells
260 _bElsevier
260 _c2016
650 _aEnergy
856 _uhttps://www.sciencedirect.com/science/book/9781782423751
942 _cEBOOK
999 _c1840693
_d1840693